[Event "Drammen Konnerud Autumn-B"]
[Site "Drammen"]
[Date "2020.09.23"]
[Round "2"]
[White "Lovaas, Roger"]
[Black "Andersson, Oivind"]
[Result "1-0"]
[WhiteElo "1514"]
[BlackElo "1423"]
[PlyCount "69"]
[EventDate "2020.08.19"]
[EventType "tourn"]
[EventRounds "9"]
[EventCountry "NOR"]
[SourceTitle "EXT 2024"]
[Source "ChessBase"]
[SourceDate "2023.10.10"]
[SourceVersion "1"]
[SourceVersionDate "2023.10.10"]
[SourceQuality "1"]

1. d4 g6 2. Bf4 Bg7 3. Nf3 Nf6 4. e3 0-0 5. c4 e6 6. Nc3 d5 7. Qb3 c6 8. Be2 Nh5 9. Bg5 f6 10. Bh4 g5 11. Bg3 Nxg3 12. hxg3 Nd7 13. Qc2 h6 14. 0-0-0 f5 15. Ne5 Nxe5 16. dxe5 Qc7 17. f4 g4 18. Rh2 Kf7 19. Bd3 Rh8 20. Ne2 Qb6 21. c5 Qc7 22. Nd4 Bd7 23. Rh5 Raf8 24. b4 Kg6 25. Rhh1 b6 26. Kd2 Rb8 27. Rb1 Rb7 28. Rh4 Rhb8 29. Rxg4+ Kf7 30. Bxf5 bxc5 31. Bxe6+ Bxe6 32. Qg6+ Kg8 33. Nxe6 Qe7 34. Rh1 Qf7 35. Qxh6 1-0

[Event "Drammen Konnerud Autumn-B"]
[Site "Drammen"]
[Date "2020.09.16"]
[Round "4"]
[White "Lovaas, Roger"]
[Black "Fagervik, Geir"]
[Result "1-0"]
[WhiteElo "1514"]
[BlackElo "1426"]
[PlyCount "79"]
[EventDate "2020.08.19"]
[EventType "tourn"]
[EventRounds "9"]
[EventCountry "NOR"]
[SourceTitle "EXT 2024"]
[Source "ChessBase"]
[SourceDate "2023.10.10"]
[SourceVersion "1"]
[SourceVersionDate "2023.10.10"]
[SourceQuality "1"]

1. g3 e5 2. Bg2 Bc5 3. e3 Nc6 4. Nc3 Nf6 5. Nf3 d6 6. 0-0 Bg4 7. Ne2 h6 8. c3 Qd7 9. a4 a5 10. d4 Bb6 11. Re1 e4 12. Nd2 d5 13. Qb3 0-0-0 14. c4 Nb4 15. c5 Nd3 16. Qd1 Nxe1 17. Qxe1 Ba7 18. Nb3 b6 19. Bd2 h5 20. Bxa5 bxa5 21. Qxa5 Kb8 22. Qa6 Qc8 23. Qb5+ Qb7 24. Qxb7+ Kxb7 25. Nc3 c6 26. Bf1 Rb8 27. Na5+ Kc7 28. Rb1 h4 29. b4 hxg3 30. fxg3 Kd7 31. Ba6 Bxc5 32. dxc5 Ra8 33. b5 cxb5 34. Bxb5+ Kc7 35. Nc6 Bd7 36. Ne5 Bxb5 37. Nxb5+ Kc8 38. Nd6+ Kc7 39. Rb7+ Kd8 40. Nc6# 1-0

[Event "Konnerud NGP"]
[Site "Konnerud"]
[Date "2019.11.23"]
[Round "2"]
[White "Lovaas, Roger"]
[Black "Gonzalez, Francisco Silva"]
[Result "0-1"]
[WhiteElo "1518"]
[BlackElo "2083"]
[PlyCount "72"]
[EventDate "2019.11.23"]
[EventType "swiss"]
[EventRounds "5"]
[EventCountry "NOR"]
[SourceTitle "EXT 2024"]
[Source "ChessBase"]
[SourceDate "2023.10.10"]
[SourceVersion "1"]
[SourceVersionDate "2023.10.10"]
[SourceQuality "1"]

1. d4 Nf6 2. Bf4 d5 3. Nf3 c5 4. c3 Nc6 5. e3 Qb6 6. Qb3 c4 7. Qxb6 axb6 8. Be2 Bf5 9. Nbd2 b5 10. 0-0 Nd7 11. b4 h6 12. h3 e6 13. Ne5 Nb6 14. Nxc6 bxc6 15. Nf3 Na4 16. Rfc1 g5 17. Bh2 f6 18. Nd2 h5 19. g4 Bh7 20. Nf1 h4 21. f4 Kd7 22. fxg5 fxg5 23. Be5 Rg8 24. Nh2 Nxc3 25. Rxc3 Bxb4 26. Rcc1 Bd2 27. Rf1 Bxe3+ 28. Kg2 Rgf8 29. Bf3 c3 30. Rfe1 Bd2 31. Red1 Ra3 32. Nf1 b4 33. Nxd2 cxd2 34. Rxd2 Rfxf3 35. Rb2 Be4 36. Kh2 Rxh3+ 0-1

[Event "Konnerud CC-ch"]
[Site "Konnerud"]
[Date "2019.02.06"]
[Round "3"]
[White "Kierulf, Villum Brevick"]
[Black "Lovaas, Roger"]
[Result "0-1"]
[WhiteElo "1364"]
[BlackElo "1526"]
[PlyCount "96"]
[EventDate "2019.01.16"]
[EventType "swiss"]
[EventRounds "9"]
[EventCountry "NOR"]
[SourceTitle "EXT 2024"]
[Source "ChessBase"]
[SourceDate "2023.10.10"]
[SourceVersion "1"]
[SourceVersionDate "2023.10.10"]
[SourceQuality "1"]

1. d4 e6 2. c4 Nf6 3. Nf3 c5 4. e3 Nc6 5. Nc3 cxd4 6. exd4 Be7 7. Be2 0-0 8. 0-0 d5 9. cxd5 Nxd5 10. Nxd5 Qxd5 11. Be3 Bf6 12. Qd2 Rd8 13. Rfd1 b6 14. b3 Bb7 15. Bc4 Qh5 16. Qc2 Rac8 17. Rac1 a6 18. Qb1 b5 19. Be2 g6 20. Rd2 Qd5 21. Rcd1 Ne7 22. Bd3 g5 23. Bxh7+ Kg7 24. Be4 Qxe4 25. Qxe4 Bxe4 26. Nxg5 Bxg5 27. Bxg5 f6 28. Be3 Nd5 29. Re1 Nxe3 30. fxe3 Rc7 31. Kf2 Rdc8 32. Ree2 b4 33. g4 Rc2 34. Kg3 Rxd2 35. Rxd2 Rc2 36. Rd1 Rxa2 37. Kf4 Bd5 38. Rb1 Kg6 39. h4 Rf2+ 40. Kg3 Rg2+ 41. Kf4 Rf2+ 42. Kg3 Rc2 43. Kf4 Rc3 44. h5+ Kh6 45. e4 Bxb3 46. e5 f5 47. gxf5 exf5 48. Kxf5 Bc2+ 0-1

[Event "Konnerud NGP B"]
[Site "Konnerud"]
[Date "2018.12.01"]
[Round "2"]
[White "Lovaas, Roger"]
[Black "Brattgjerd, Isak Vinh"]
[Result "1-0"]
[WhiteElo "1479"]
[BlackElo "1528"]
[PlyCount "85"]
[EventDate "2018.12.01"]
[EventType "swiss"]
[EventRounds "5"]
[EventCountry "NOR"]
[SourceTitle "EXT 2024"]
[Source "ChessBase"]
[SourceDate "2023.10.10"]
[SourceVersion "1"]
[SourceVersionDate "2023.10.10"]
[SourceQuality "1"]

1. d4 Nf6 2. Bf4 e6 3. Nf3 c5 4. c3 Nc6 5. e3 d5 6. Nbd2 Bd6 7. Ne5 Bxe5 8. Bxe5 Nxe5 9. dxe5 Nd7 10. Nf3 Qc7 11. Bb5 a6 12. Bxd7+ Bxd7 13. 0-0 0-0 14. Qc2 h6 15. Rfc1 b5 16. a3 Rfc8 17. Qd2 Qb7 18. Rab1 Rc7 19. Rd1 Rac8 20. Rbc1 Be8 21. h3 Rc6 22. Nh2 R8c7 23. Rb1 Qc8 24. Ng4 h5 25. Nh2 f6 26. Nf3 Bg6 27. Ra1 Qf8 28. Qe2 Rf7 29. Nh4 Bh7 30. Qxh5 fxe5 31. Qxe5 Rxf2 32. Rf1 Rxf1+ 33. Rxf1 Qd8 34. Qf4 Rc7 35. Qe5 Qe7 36. Nf3 Bd3 37. Rf2 Rc6 38. Ng5 Qd6 39. Qxd6 Rxd6 40. Rf7 e5 41. Rc7 c4 42. Rc8+ Rd8 43. Rxd8# 1-0

[Event "Konnerud CC-ch"]
[Site "Konnerud"]
[Date "2018.03.21"]
[Round "7"]
[White "Lovaas, Roger"]
[Black "Aure, Havard"]
[Result "1-0"]
[WhiteElo "1487"]
[BlackElo "1342"]
[PlyCount "51"]
[EventDate "2018.01.10"]
[EventType "swiss"]
[EventRounds "9"]
[EventCountry "NOR"]
[SourceTitle "EXT 2024"]
[Source "ChessBase"]
[SourceDate "2023.10.10"]
[SourceVersion "1"]
[SourceVersionDate "2023.10.10"]
[SourceQuality "1"]

1. g3 e5 2. Bg2 Nf6 3. e4 Bc5 4. Nc3 c6 5. Nf3 d6 6. d4 exd4 7. Nxd4 0-0 8. 0-0 Bg4 9. f3 Bh5 10. Kh1 Qc7 11. Bf4 Na6 12. Qd2 Qd7 13. Rae1 Rad8 14. Nf5 Ne8 15. Bh3 Qc7 16. Bg5 f6 17. Bf4 Bf7 18. b3 Bb4 19. Qe3 Bc5 20. Qc1 Bb4 21. Qb2 Qa5 22. Bd2 d5 23. exd5 cxd5 24. Nd4 Nec7 25. Rd1 Ne6 26. Bxe6 1-0

[Event "Konnerud Autumn"]
[Site "Konnerud"]
[Date "2017.10.11"]
[Round "4"]
[White "Lovaas, Roger"]
[Black "Hoisveen, Tore"]
[Result "0-1"]
[WhiteElo "1443"]
[BlackElo "1544"]
[PlyCount "146"]
[EventDate "2017.09.20"]
[EventType "swiss"]
[EventRounds "9"]
[EventCountry "NOR"]
[SourceTitle "EXT 2024"]
[Source "ChessBase"]
[SourceDate "2023.10.10"]
[SourceVersion "1"]
[SourceVersionDate "2023.10.10"]
[SourceQuality "1"]

1. d4 d5 2. Bf4 Nf6 3. Nf3 e6 4. h3 Bd6 5. Ne5 Nbd7 6. e3 h6 7. c4 Bb4+ 8. Nc3 Bxc3+ 9. bxc3 c6 10. c5 0-0 11. Bd3 Nxe5 12. Bxe5 Nd7 13. Bxg7 Kxg7 14. Qg4+ Qg5 15. Qxg5+ hxg5 16. Ke2 f5 17. h4 g4 18. h5 Rh8 19. Rh2 Nf6 20. Rah1 Rh6 21. f3 Bd7 22. fxg4 Nxg4 23. Rh4 Rah8 24. Kf3 Nf6 25. Kf4 Rxh5 26. Rxh5 Rxh5 27. Rb1 Bc8 28. Ke5 Ng4+ 29. Kd6 Nxe3 30. Kc7 Rh8 31. a4 Kf6 32. g3 Ke7 33. Re1 Nc4 34. Bxf5 Na5 35. Kb8 a6 36. Kc7 Kf6 37. Bd3 Ke7 38. g4 Nc4 39. Bxc4 dxc4 40. g5 Bd7 41. Kxb7 a5 42. Kb6 Rb8+ 43. Kxa5 Rb3 44. Re3 Bc8 45. Rf3 Rb1 46. Rg3 Kf7 47. Rg2 Kg6 48. Rg3 Rb3 49. Rg1 Rxc3 50. Kb4 Rc2 51. a5 Ba6 52. Re1 Rb2+ 53. Kc3 Rb3+ 54. Kc2 Bb5 55. Ra1 Ba6 56. Re1 Kxg5 57. Rxe6 Bb5 58. Re8 Ra3 59. Ra8 Kf5 60. Kb2 Ra4 61. Kc3 Ke4 62. Re8+ Kf3 63. Rf8+ Ke2 64. Re8+ Kd1 65. Rf8 Rxa5 66. Rf1+ Ke2 67. Rh1 Ra3+ 68. Kb2 Rb3+ 69. Ka2 Ke3 70. Rh3+ Kxd4 71. Rxb3 cxb3+ 72. Kxb3 Kxc5 73. Kc3 Kd5 0-1

[Event "Konnerud Autumn"]
[Site "Konnerud"]
[Date "2017.09.13"]
[Round "2"]
[White "Lovaas, Roger"]
[Black "Olaisen, Jan Magnus"]
[Result "1-0"]
[WhiteElo "1443"]
[BlackElo "1785"]
[PlyCount "61"]
[EventDate "2017.09.20"]
[EventType "swiss"]
[EventRounds "9"]
[EventCountry "NOR"]
[SourceTitle "EXT 2024"]
[Source "ChessBase"]
[SourceDate "2023.10.10"]
[SourceVersion "1"]
[SourceVersionDate "2023.10.10"]
[SourceQuality "1"]

1. d4 d5 2. c4 e6 3. Nc3 Nf6 4. e3 Be7 5. Nf3 0-0 6. Bd3 dxc4 7. Bxc4 a6 8. 0-0 b5 9. Bd3 Bb7 10. Ng5 h6 11. Nge4 Nbd7 12. b3 Rc8 13. Bb2 c5 14. dxc5 b4 15. Nxf6+ Bxf6 16. Na4 Bxb2 17. Nxb2 Nxc5 18. Qe2 Qf6 19. Rfd1 Rfd8 20. Rab1 Be4 21. f3 Bb7 22. Bc4 a5 23. Nd3 Nxd3 24. Rxd3 Rxd3 25. Bxd3 Rc3 26. Rd1 Qe5 27. Bb1 Kf8 28. Kf2 Qxh2 29. Qb5 Qh4+ 30. Kg1 Bxf3 31. Qb8+ 1-0

[Event "Konnerud Autumn"]
[Site "Konnerud"]
[Date "2017.09.06"]
[Round "1"]
[White "Taksrud, Vidar"]
[Black "Lovaas, Roger"]
[Result "1-0"]
[WhiteElo "1983"]
[BlackElo "1443"]
[PlyCount "80"]
[EventDate "2017.09.20"]
[EventType "swiss"]
[EventRounds "9"]
[EventCountry "NOR"]
[SourceTitle "EXT 2024"]
[Source "ChessBase"]
[SourceDate "2023.10.10"]
[SourceVersion "1"]
[SourceVersionDate "2023.10.10"]
[SourceQuality "1"]

1. Nf3 d5 2. c4 Nf6 3. cxd5 Nxd5 4. e4 Nf6 5. e5 Nd5 6. Nc3 e6 7. d4 Bb4 8. Bd2 0-0 9. Bd3 g6 10. 0-0 Nxc3 11. bxc3 Be7 12. Bh6 Re8 13. Qd2 Nd7 14. Qf4 Bf8 15. Ng5 Qe7 16. Bxf8 Nxf8 17. Ne4 Kg7 18. Nf6 Rd8 19. Qg5 Kh8 20. Rae1 c5 21. Re4 Nd7 22. Rh4 Nxf6 23. exf6 Qf8 24. Rh6 Rd5 25. Qh4 Qg8 26. Be4 cxd4 27. Bxd5 exd5 28. Qxd4 Be6 29. Re1 Qf8 30. Qh4 Qg8 31. Re3 Rc8 32. f4 Rc4 33. Rxe6 fxe6 34. Qg3 Qe8 35. Rh3 d4 36. Qd3 b5 37. cxd4 Qf7 38. Qe4 Qxf6 39. Qa8+ Kg7 40. Qxa7+ Qf7 1-0

[Event "Konnerud CC-ch"]
[Site "Konnerud"]
[Date "2017.04.05"]
[Round "8"]
[White "Aure, Havard"]
[Black "Lovaas, Roger"]
[Result "1-0"]
[WhiteElo "1424"]
[BlackElo "1494"]
[PlyCount "53"]
[EventDate "2017.01.11"]
[EventType "swiss"]
[EventRounds "9"]
[EventCountry "NOR"]
[SourceTitle "EXT 2024"]
[Source "ChessBase"]
[SourceDate "2023.10.10"]
[SourceVersion "1"]
[SourceVersionDate "2023.10.10"]
[SourceQuality "1"]

1. c4 e5 2. Nc3 Bb4 3. g3 Nf6 4. Bg2 Nc6 5. e3 0-0 6. Nge2 d6 7. 0-0 Be6 8. b3 d5 9. cxd5 Nxd5 10. Qc2 Nxc3 11. dxc3 Be7 12. Bb2 Qc8 13. c4 Bf6 14. Rad1 a5 15. a3 Bf5 16. e4 Bh3 17. f4 Bxg2 18. Kxg2 Qe6 19. fxe5 Bxe5 20. Nf4 Bxf4 21. Rxf4 Rfd8 22. Qc3 f6 23. Rd5 Ne5 24. Rxa5 Rxa5 25. Qxa5 Rd7 26. Bxe5 fxe5 27. Qa8+ 1-0

[Event "Konnerud CC-ch"]
[Site "Konnerud"]
[Date "2017.02.22"]
[Round "5"]
[White "Nielsen, Christoffer"]
[Black "Lovaas, Roger"]
[Result "1-0"]
[WhiteElo "1446"]
[BlackElo "1494"]
[PlyCount "55"]
[EventDate "2017.01.11"]
[EventType "swiss"]
[EventRounds "9"]
[EventCountry "NOR"]
[SourceTitle "EXT 2024"]
[Source "ChessBase"]
[SourceDate "2023.10.10"]
[SourceVersion "1"]
[SourceVersionDate "2023.10.10"]
[SourceQuality "1"]

1. d4 e6 2. c4 Nf6 3. Nc3 Bb4 4. Bd2 0-0 5. Nf3 c5 6. e3 Nc6 7. a3 Bxc3 8. Bxc3 Ne4 9. d5 Nxc3 10. bxc3 Ne7 11. d6 Ng6 12. Bd3 b6 13. Bxg6 fxg6 14. e4 Bb7 15. Qd3 Qf6 16. 0-0 Qf4 17. Nd2 Rac8 18. g3 Qe5 19. f4 Qf6 20. Nf3 Kh8 21. Ne5 Bc6 22. Rfb1 g5 23. Nxc6 Rxc6 24. fxg5 Qxg5 25. Rf1 Rxf1+ 26. Rxf1 Kg8 27. Qf3 Rc8 28. Qf7+ 1-0

[Event "NOR-chT Clubs"]
[Site "Drammen"]
[Date "2010.10.09"]
[Round "2.35"]
[White "Mihajlov, Svetoslav"]
[Black "Lovaas, Roger"]
[Result "1-0"]
[WhiteElo "2006"]
[BlackElo "1158"]
[PlyCount "105"]
[EventDate "2010.10.08"]
[EventType "team"]
[EventRounds "6"]
[EventCountry "NOR"]
[SourceTitle "EXT 2015"]
[Source "ChessBase"]
[SourceDate "2014.11.20"]
[SourceVersion "1"]
[SourceVersionDate "2014.11.20"]
[SourceQuality "1"]
[WhiteTeam "OSS II"]
[BlackTeam "Konnerud"]
[WhiteTeamCountry "NOR"]
[BlackTeamCountry "NOR"]

1. e4 e5 2. Nf3 Nc6 3. Bb5 d6 4. d4 exd4 5. Nxd4 Bd7 6. Bxc6 Bxc6 7. Nxc6 bxc6 8. c4 Nf6 9. 0-0 Be7 10. Nc3 0-0 11. Qa4 Qd7 12. Bg5 h6 13. Bxf6 Bxf6 14. Nd5 Bxb2 15. Rab1 Rab8 16. Qxc6 Qxc6 17. Ne7+ Kh8 18. Nxc6 Rb6 19. Nxa7 Ra8 20. Nb5 Rxa2 21. Rfd1 Be5 22. Nxc7 Rc6 23. Nb5 Rxc4 24. Nxd6 Bxd6 25. Rxd6 Rxe4 26. Rd7 Kg8 27. g3 Re8 28. Rbb7 Rf8 29. h4 Ra5 30. Kg2 g5 31. Rd4 h5 32. hxg5 Rxg5 33. Kh3 Kg7 34. Rf4 Kg6 35. Kh4 f6 36. Rc4 Rf7 37. Rb8 Kf5 38. Rh8 Rg4+ 39. Rxg4 hxg4 40. Rh5+ Kg6 41. Kxg4 Rd7 42. Ra5 Rd4+ 43. f4 Rc4 44. Kh4 Re4 45. Ra1 Re2 46. g4 f5 47. Ra6+ Kf7 48. g5 Re4 49. Rf6+ Kg7 50. Rxf5 Kg6 51. Rf6+ Kg7 52. Kg4 Rc4 53. Kh5 1-0